Statistics for Television Shows by Character

Click here to take the quiz!

General Stats

  • This quiz has been taken 707 times
  • The average score is 9 of 23

Answer Stats

Hint Answer % Correct
Rachel, Monica, JoeyFriends
90%
Barney, Ted, MarshallHow I Met Your Mother
79%
Cleveland, Brian, MegFamily Guy
74%
Carrie, Samantha, BigSex and the City
61%
Moe, Ned, BarneyThe Simpsons
59%
Rachel, Finn, KurtGlee
53%
Meredith, Christina, DerekGreys Anatomy
45%
Donna, Eric, LaurieThat 70s Show
44%
Rick, Daryl, MaggieThe Walking Dead
38%
Hal, Dewey, ReeseMalcolm In The Middle
36%
Lynette, Edie, BreeDesperate Housewives
34%
Nate, Dan, SerenaGossip Girl
33%
Rory, Sookie, LukeGilmore Girls
31%
Micheal, Andy, AngelaThe Office
31%
Haley, Lucas, PeytonOne Tree Hill
29%
Piper, Alex, TiffanyOrange Is The New Black
26%
Heidi, Lauren, BrodyThe Hills
25%
Liz, Jack, Tracy30 Rock
25%
Gemma, Clay, JaxSons of Anarchy
23%
Harvey, Rachel, DonnaSuits
17%
Jessa, Hannah, MarnieGirls
13%
Julian, Ricky, BubblesTrailer Park Boys
11%
Smash, Tami, LylaFriday Night Lights
9%

Score Distribution

Percentile by Number Answered

Percent of People with Each Score

Your Score History

You have not taken this quiz